Is it no longer a country? - Statistics

General Stats
  • This quiz has been taken 53 times
  • The average score is 7 of 8
Answers on the Grid
Answers color-coded by a green-red scale on the quiz's grid according to % correct below.
Moldova
Oman
Norway
Niger
New Zealand
UK
USA
France
Holy Roman Empire
Carthage
United Arab Republic
Bohemia
Soviet Union
Aztec Empire
Yugoslavia
GDR
 
Answer Stats
Answer % Correct
Aztec Empire
96%
Soviet Union
93%
Bohemia
91%
Carthage
91%
Holy Roman Empire
91%
United Arab Republic
91%
Yugoslavia
91%
GDR
89%
No matching quizzes found
Score Distribution
Percent of People with Each Score
Percentile by Number Answered
Your Score History
You have not taken this quiz